1746 1254 1075 1121 1243 1266 1989 1883 1617 1496 1522 1441 1188 1854 1323 1527 1519 1291 1875 1263 1445 1692 1835 1098 1752 1085 1574 1340 1489 1246 1967 1882 1554 1079 1586 1548 1872 1464 1814 1159 1157 1839 1771 1494 1373 1073 1513 1825 1128 1497 1247 1746 1283 1826 1773 1662 1229 1662 1679 1260 1896 1391 1289 1476 1120 1132 1017 1486 1088 1397 1297 1792 1558 1527 1610 1289 1121 1915 1897 1827 1364 1384 1837 1681 1181 1787 1136 1005 1032 1932 1319 1147 1902 1850 1453 1814 1636 1197 1067 BCNSPRNW ULIB Ver.6.0+V

เปลี่ยนเป็นภาษาไทย

Change to English
 แสดงรายละเอียดบรรณานุกรม
  กลับหน้าหลัก

Brief Record : Get Marc (ISO 2709) : E-mail record : QR code < ปิดหน้าต่าง
LEADER : 00000nam 2200000uu 4500
001    13399127632
003     ULIB
008    210311s2563||||th 000 0 tha d
020    ^a9786160449323
060 04 ^aWC501^bย127ส
100 0  ^aยงยุทธ วงศ์ภิรมย์ศานติ์
245 10 ^aสร้างสติ รักษาจิต สู้ COVID-19 /^cยงยุทธ วงศ์ภิรมย์ศานติ์
250    ^aพิมพ์ครั้งที่ 1
260    ^aกรุงเทพฯ :^bนานมีบุ๊คส์,^c2563
300    ^a119 หน้า ;^c19 ซม.
650  0 ^aCOVID-19 (Disease)
650  0 ^aCoronaviruses
650  0 ^aCoronavirus infections
650  4 ^aการติดเชื้อไวรัสโคโรนา
650  4 ^aโควิด-19 (โรค)
650  4 ^aไวรัสโคโรนา
945    ^p145^l0^i007956
945    ^p145^l0^i007957
945    ^p145^l0^i007958
945    ^p145^l0^i007959
945    ^p145^l0^i007960
999    ^aประนอม เกษจรัล
รายการนี้ยังไม่มีแท็ก
คุณยังไม่ได้ล็อกอิน คุณสามารถมีกิจกรรมร่วมกับเว็บไซต์ได้ แต่ต้องล็อกอินก่อน ::
  ล็อกอิน

รายการสื่อสารสนเทศ

ลำดับที่ ประเภท เลขเรียก/บาร์โค้ด สถานที่ สถานะ
1. วิทยาศาสตร์การแพทย์ และสุขภาพ
หนังสือสำรอง
สถานะ=หนังสือสำรอง
WC501 ย127ส ฉ.1 
  Barcode: 007956
ห้องสมุดวิทยาเขตสวรรค์ประชารักษ์
►หนังสือทั่วไป
บนชั้น
2. วิทยาศาสตร์การแพทย์ และสุขภาพ
วิทยาศาสตร์การแพทย์ และสุขภาพ
WC501 ย127ส ฉ.2 
  Barcode: 007957
ห้องสมุดวิทยาเขตสวรรค์ประชารักษ์
►หนังสือทั่วไป
บนชั้น
3. วิทยาศาสตร์การแพทย์ และสุขภาพ
วิทยาศาสตร์การแพทย์ และสุขภาพ
WC501 ย127ส ฉ.3 
  Barcode: 007958
ห้องสมุดวิทยาเขตสวรรค์ประชารักษ์
►หนังสือทั่วไป
บนชั้น
4. วิทยาศาสตร์การแพทย์ และสุขภาพ
วิทยาศาสตร์การแพทย์ และสุขภาพ
WC501 ย127ส ฉ.4 
  Barcode: 007959
ห้องสมุดวิทยาเขตสวรรค์ประชารักษ์
►หนังสือทั่วไป
บนชั้น
5. วิทยาศาสตร์การแพทย์ และสุขภาพ
วิทยาศาสตร์การแพทย์ และสุขภาพ
WC501 ย127ส ฉ.5 
  Barcode: 007960
ห้องสมุดวิทยาเขตสวรรค์ประชารักษ์
►หนังสือทั่วไป
บนชั้น

รายการใกล้เคียง
    ผู้แต่ง [ยงยุทธ วงศ์ภิรมย์ศานติ์]

    หัวเรื่อง [COVID-19 (Disease)]
    หัวเรื่อง [Coronaviruses]
    หัวเรื่อง [Coronavirus infections]
    หัวเรื่อง [การติดเชื้อไวรัสโคโรนา]
    หัวเรื่อง [โควิด-19 (โรค)]
    หัวเรื่อง [ไวรัสโคโรนา]

BibComment


ยังไม่เคยถูกคอมเมนท์

คอมเมนท์ทรัพยากรรายการนี้
  คอมเมนท์: สร้างสติ รักษาจิ..


 Copyright 2026. Bcnsprnw @Library